all gotcha figures in kirby and the forgotten land - Statistics

General Stats
  • This quiz has been taken 49 times
  • The average score is 70 of 256
Answer Stats
Volume Star Count Answers % Correct
Vol. 1 3 Kirby
94%
Vol. 1 3 Waddle Dee
84%
Vol. 1 3 Bandana Waddle Dee
81%
Vol. 1 3 Elfilin
81%
Vol. 1 3 Sword
81%
Vol. 1 3 Fire
74%
Vol. 1 3 Ice
74%
Vol. 1 3 Ranger
74%
Vol. 1 2 Car
71%
Vol. 3 4 His Royal Nemesis King Dedede
71%
Vol. 2 4 Lethal Leopard Clawroline
71%
Vol. 1 4 Strong-Armed Beast Gorimondo
71%
Vol. 3 4 Armor-Plated Prancer Sillydillo
68%
Vol. 1 3 Bomb
68%
Vol. 1 3 Car-Mouth Kirby
68%
Vol. 2 3 Drill
68%
Vol. 3 4 The Lone Swordsman Meta Knight
68%
Vol. 2 3 Tornado
68%
Vol. 2 3 Crash
65%
Vol. 1 3 Cutter
65%
Vol. 3 4 Dragon Fire
65%
Vol. 2 3 Hammer
65%
Vol. 1 3 Awoofy
61%
Vol. 1 3 Cone-Mouth Kirby
61%
Vol. 4 5 Invasive Species Fecto Forgo
61%
Vol. 1 3 Needle
61%
Vol. 2 4 Time Crash
61%
Vol. 2 3 Volcano Fire
61%
Vol. 2 3 Chain Bomb
58%
Vol. 2 3 Clutter Needle
58%
Vol. 4 4 Crystal Needle
58%
Vol. 4 5 Fluttering Dream Eater Morpho Knight
58%
Vol. 4 4 His Primal Nemesis Forgo Dedede
58%
Vol. 2 3 Toy Hammer
58%
Vol. 2 4 Unfriendly Fronds Tropic Woods
58%
Vol. 4 5 King of the Beasts Leongar
55%
Vol. 4 3 Meta Knight Sword
55%
Vol. 3 3 Sleep
55%
Vol. 4 4 Space Ranger
55%
Vol. 2 3 Fleur Tornado
52%
Vol. 3 3 Frosty Ice
52%
Vol. 4 5 Morpho Knight Sword
52%
Vol. 4 5 Species Born of Chaos Chaos Elfilis
52%
Vol. 4 4 Storm Tornado
52%
Vol. 4 5 Ultimate Life-Form Fecto Elfilis
52%
Vol. 1 3 Wild Frosty
52%
Vol. 4 4 Armor-Plated Illusion Phantom Sillydillo
48%
Vol. 4 4 Blizzard Ice
48%
Vol. 2 3 Chakram Cutter
48%
Vol. 4 4 Deep Sleep
48%
Vol. 1 2 Gordo
48%
Vol. 2 3 Noble Ranger
48%
Vol. 2 3 Wild Edge
48%
Vol. 4 3 Wild Hammer
48%
Vol. 2 3 Fleurina
45%
Vol. 2 3 Gigant Sword
45%
Vol. 1 3 Maxim Tomato
45%
Vol. 2 3 Ring-Mouth Kirby
45%
Vol. 3 3 Vending-Mouth Kirby
45%
Vol. 3 3 Pencil Drill
42%
Vol. 4 4 Strong-Armed Illusion Phantom Gorimondo
42%
Vol. 1 2 Traffic Cone
42%
Vol. 3 2 Vending Machine
42%
Vol. 2 3 Wild Bonkers
42%
Vol. 1 2 Blade Knight
39%
Vol. 4 3 Buzz-Saw Cutter
39%
Vol. 1 3 Captured Waddle Dee
39%
Vol. 4 4 Homing Bomb
39%
Vol. 4 4 Illusory Fronds Phantom Tropic Woods
39%
Vol. 1 2 Sir Kibble
39%
Vol. 3 2 Stairs
39%
Vol. 3 3 Stairs-Mouth Kirby
39%
Vol. 1 1 Star Coin
39%
Vol. 4 4 The Lone Illusion Phantom Meta Knight
39%
Vol. 1 4 Wise Waddle Dee
39%
Vol. 3 3 Arch-Mouth Kirby
35%
Vol. 4 4 His Illusory Nemesis Phantom King Dedede
35%
Vol. 4 4 Illusory Leopard Phantom Clawroline
35%
Vol. 1 2 Poppy Bros. Jr.
35%
Vol. 4 5 Possessed Beast Forgo Leon
35%
Vol. 1 1 Red Star Coin
35%
Vol. 4 4 Twin Drill
35%
Vol. 3 3 Water-Balloon-Mouth Kirby
35%
Vol. 4 2 Big Rig
32%
Vol. 1 2 Blue Star Coin
32%
Vol. 1 2 Bronto Burt
32%
Vol. 1 2 Chilly
32%
Vol. 1 2 Hot Head
32%
Vol. 4 4 Illusory Primal Nemesis Phantom Forgo Dedede
32%
Vol. 4 4 Masked Hammer
32%
Vol. 3 2 Pipe
32%
Vol. 1 3 Bernard
29%
Vol. 1 1 Green Star Coin
29%
Vol. 4 5 Leon & Carol
29%
Vol. 3 3 Pipe-Mouth Kirby
29%
Vol. 3 3 Primal Awoofy
29%
Vol. 1 1 Star Block
29%
Vol. 1 3 Tortuilding
29%
Vol. 1 3 Dome-Mouth Kirby
26%
Vol. 2 1 Fish
26%
Vol. 2 2 Ghost Gordo
26%
Vol. 1 2 Kabu
26%
Vol. 2 2 Light Bulb
26%
Vol. 2 3 Light-Bulb-Mouth Kirby
26%
Vol. 2 3 Mookie
26%
Vol. 1 2 Shotzo
26%
Vol. 1 2 Warp Star
26%
Vol. 1 3 Alivel Mall Sign
23%
Vol. 1 2 Big Kabu
23%
Vol. 4 4 Big-Rig-Mouth Kirby
23%
Vol. 2 2 Bomber
23%
Vol. 1 4 Café-Staff Waddle Dee
23%
Vol. 1 2 Cappy
23%
Vol. 2 2 Car-Mouth Cake
23%
Vol. 4 4 Commentator Waddle Dee
23%
Vol. 1 2 Needlous
23%
Vol. 3 2 Noddy
23%
Vol. 2 2 Scarfy
23%
Vol. 1 3 Storage-Mouth Kirby
23%
Vol. 1 2 Switch
23%
Vol. 3 3 Blueprint
19%
Vol. 2 2 Boat
19%
Vol. 1 2 Bomb Block
19%
Vol. 1 2 Cannon
19%
Vol. 1 1 Cherry
19%
Vol. 1 4 Delivery Waddle Dee
19%
Vol. 3 2 Energy Drink
19%
Vol. 2 2 Glunk
19%
Vol. 1 2 Gordo Bar
19%
Vol. 3 1 Ice-Cream Cone
19%
Vol. 1 2 Invincible Candy
19%
Vol. 2 2 Squishy
19%
Vol. 3 3 Sssnacker
19%
Vol. 1 1 Watermelon
19%
Vol. 3 2 Water Pipe
19%
Vol. 4 4 Weapons-Shop Waddle Dee
19%
Vol. 1 4 Café-Staff Kirby
16%
Vol. 1 3 Captured Waddle Dees
16%
Vol. 2 3 Coaster-Mouth Kirby
16%
Vol. 2 3 Digguh
16%
Vol. 2 1 Hamburger
16%
Vol. 2 2 Kirby Burger
16%
Vol. 1 3 Lightron Works Sign
16%
Vol. 1 1 Melon
16%
Vol. 3 2 Pacto
16%
Vol. 4 3 Piece of Leon´s Soul
16%
Vol. 3 2 Scissor Lift
16%
Vol. 3 3 Scissor-Lift-Mouth Kirby
16%
Vol. 3 1 Speed Boost
16%
Vol. 1 1 Tangerine
16%
Vol. 4 4 The Deedly Dees
16%
Vol. 1 3 Tortorner
16%
Vol. 1 1 Tulip
16%
Vol. 2 2 Walf
16%
Vol. 1 2 Wanted Posters
16%
Vol. 2 1 Animal Sand Sculpture
13%
Vol. 3 1 Animal Snow Sculpture
13%
Vol. 2 2 Blipper
13%
Vol. 1 3 Bolted-Storage-Mouth Kirby
13%
Vol. 1 2 Bouncy
13%
Vol. 1 3 Buffahorn
13%
Vol. 3 3 Captured Elfilin
13%
Vol. 2 1 Crab
13%
Vol. 2 1 Doughnut
13%
Vol. 1 4 Game-Shop Waddle Dee
13%
Vol. 2 2 Gigatzo
13%
Vol. 1 4 Item-Shop Waddle Dee
13%
Vol. 1 3 Jabhog
13%
Vol. 2 2 Knock-Knock Nut
13%
Vol. 1 2 Lantern Switch
13%
Vol. 3 2 Mumbies
13%
Vol. 1 1 Pop Flower
13%
Vol. 2 2 Race Car
13%
Vol. 1 2 Rental Lockers
13%
Vol. 3 2 Speakers
13%
Vol. 2 2 Spookstep
13%
Vol. 3 2 Star Coin Pile
13%
Vol. 1 2 Storage Cabinet
13%
Vol. 1 2 Target Switch
13%
Vol. 3 2 Totenga
13%
Vol. 1 2 Treasure Chest
13%
Vol. 4 5 A Duel with Meta Knight
10%
Vol. 1 1 Arrow Sign
10%
Vol. 3 1 Attack Boost
10%
Vol. 2 3 Balloon-Meister
10%
Vol. 4 3 Big Red Tortuilding
10%
Vol. 2 3 Boating Ring-Mouth Kirby
10%
Vol. 3 2 Breakable Block
10%
Vol. 1 3 Car-Shop Sign
10%
Vol. 3 2 Corori
10%
Vol. 3 1 Cup of Coffee
10%
Vol. 2 1 Cup of Juice
10%
Vol. 4 5 Destined Rivals
10%
Vol. 2 1 Ear of Corn
10%
Vol. 1 4 Fishing-Pond Kirby
10%
Vol. 2 2 Foley
10%
Vol. 1 2 Gabon
10%
Vol. 2 3 Gnawcodile
10%
Vol. 3 2 Handmade Elfilin
10%
Vol. 3 2 Handmade Kirby
10%
Vol. 4 5 Invasive Species Fecto Forgo (Larva)
10%
Vol. 3 1 Life Up
10%
Vol. 2 2 Light Ring
10%
Vol. 2 1 Order of Fries
10%
Vol. 2 1 Order of Takoyaki
10%
Vol. 3 3 Poison Croakom
10%
Vol. 2 1 Pumpkin
10%
Vol. 2 3 Rabiroo & Orabiroo
10%
Vol. 1 2 Radio
10%
Vol. 2 2 Runaway Parade Car
10%
Vol. 2 1 Shortcake
10%
Vol. 3 2 Soft-Serve Traffic Cone
10%
Vol. 2 2 Solar-Panel Switch
10%
Vol. 2 2 Stake
10%
Vol. 2 2 Surprise Alien Board
10%
Vol. 2 1 Tin of Fish
10%
Vol. 2 1 Tub of Popcorn
10%
Vol. 2 2 Twister
10%
Vol. 4 4 Usher Waddle Dee
10%
Vol. 1 2 Water Tank
10%
Vol. 2 2 Windmill Switch
10%
Vol. 2 3 Wondog & Wondy
10%
Vol. 4 4 Adventure Together!
6%
Vol. 2 2 Blooming Flowers
6%
Vol. 2 2 Captured Roulette
6%
Vol. 2 1 Chocolate Bar
6%
Vol. 3 2 Clock Ring
6%
Vol. 2 2 Face-Cutout Photo Stand
6%
Vol. 2 2 Gear Ring
6%
Vol. 3 2 Glider Arch
6%
Vol. 3 2 Handmade Dance Partner
6%
Vol. 3 1 Hunk of Meat
6%
Vol. 3 1 Lizard
6%
Vol. 2 2 Lost Ducklings
6%
Vol. 2 1 Macaron
6%
Vol. 4 5 Meow, Meow! (Wake Up, Leon!)
6%
Vol. 2 1 Milk Bottle
6%
Vol. 3 1 Milk Carton
6%
Vol. 3 2 Nail
6%
Vol. 4 3 Napping Beast
6%
Vol. 2 1 Order of Sushi
6%
Vol. 2 2 Phanta
6%
Vol. 3 1 Pudding
6%
Vol. 4 4 Rare-Stone Master
6%
Vol. 3 1 Rice Ball
6%
Vol. 2 1 Soft Drink
6%
Vol. 3 1 Steak
6%
Vol. 4 3 The Ranger´s Great Discovery
6%
Vol. 2 2 The Spaceship Wondaria
6%
Vol. 2 3 Wondaria Statue
6%
Vol. 3 1 Chocolate Ice-Cream Bar
3%
Vol. 3 1 Loaf of French Bread
3%
Vol. 3 1 Omelet
3%
Vol. 3 1 Plate of Fried Eggs
3%
Vol. 3 1 Roast Chicken
3%
Vol. 2 2 Twirling Star Rocket
3%
No matching quizzes found
Score Distribution
Percent of People with Each Score
Percentile by Number Answered
Your Score History
You have not taken this quiz